| 000 | 00962cad a22002175a 4500 | ||
|---|---|---|---|
| 001 | E148374 | ||
| 008 | 090911s2009 xxkd f s 000 0 eng d | ||
| 035 | _a(Sirsi) u148374 | ||
| 041 | 0 | _aeng | |
| 050 | 0 | 4 | _a333.33 $2 18 |
| 110 | 2 |
_aDrivers Jonas _91941 |
|
| 245 | 0 | 0 |
_aInvestment trends _bsummer report 2009 _h[electronic resource] |
| 260 |
_aLondon _bDrivers Jonas _c2009 |
||
| 490 | 0 |
_aDrivers Jonas Investment Trends _vSummer 2009 |
|
| 520 | _aReports that market confidence is improving and that there is not enough available stock to satisfy investor demand. Other characteristics of the market at the moment include falling rents, low transaction volumes and a two-tier investment market. | ||
| 590 | _aKA | ||
| 651 | 4 |
_aUnited Kingdom _y |
|
| 690 | _aPROPERTY-COMMERCIAL PROPERTY-COMMERCIAL PROPERTY MARKET | ||
| 856 | 4 | 0 |
_uhttps://www.driversjonas.com _zView the item free of charge (registration necessary) at www.driversjonas.com... |
| 942 | _n0 | ||
| 999 |
_c110026 _d110026 |
||